Rights against intolerance building an open-minded world Playful toolkit
Uloženo v:
| Korporace: | , , |
|---|---|
| Médium: | Kniha |
| Jazyk: | angličtina |
| Vydáno: |
Milano
Unione Europea
2012
|
| Tagy: |
Žádné tagy, Buďte první, kdo vytvoří štítek k tomuto záznamu!
|
MARC
| LEADER | 00000nam a2200000 4500 | ||
|---|---|---|---|
| 005 | 20240529182958.0 | ||
| 008 | 240529b |||||||| |||| 00| 0 eng d | ||
| 040 | |c GP | ||
| 110 | |a Centro d'Iniziativa Gay | ||
| 245 | |a Rights against intolerance building an open-minded world |b Playful toolkit | ||
| 260 | |a Milano |b Unione Europea |c 2012 | ||
| 300 | |e DVD | ||
| 710 | |a Arcigay | ||
| 710 | |a Arcilesbica Zami | ||
| 942 | |2 ddc |c BK |n 0 | ||
| 952 | |0 0 |1 0 |2 ddc |4 0 |6 306_766000000000000_CIG |7 1 |9 1322 |a RM |b RM |d 2024-05-29 |l 0 |o 306.766 CIG |p 129 |r 2024-05-29 18:30:25 |w 2024-05-29 |y BK | ||
| 999 | |c 1218 |d 1218 | ||